000
00271nam a2200109Ia 4500
005
20251222154358.0
008
251222s9999||||xx |||||||||||||| ||spa||
082
_a
868.9/G46
100
_a
"Giménez Caballero, Ernesto"
245
0
_a
Junto a la tumba de Larra
942
_c
LIB
999
_c
35178
_d
35178